[Event "Rome"]
[Site "Rome"]
[Date "1979.??.??"]
[Round "3"]
[White "Pinter, Jozsef"]
[Black "Tatai, Stefano"]
[Result "1/2-1/2"]
[WhiteElo "2445"]
[BlackElo "2475"]

1.d4 Nf6 2.c4 e6 3.Nc3 Bb4 4.Nf3 c5 5.e3 O-O 6.Bd3 d5 7.O-O Nc6 8.a3 Bxc3
9.bxc3 Qc7 10.cxd5 exd5 11.Nh4 Ne7 12.a4 c4 13.Bc2 Ng6 14.Nf5 Ne4 15.Ng3 Nxg3
16.hxg3 f5 17.Qh5 Be6 18.a5 Rf6 19.Qf3 Nh8 20.Qf4 Qd8 21.Qh4 Qd7 22.Ba4 Qc7
23.a6 b6 24.Qh5 Nf7 25.Ba3 Bd7 26.Bc2 Re8 27.Rfe1 Nh6 28.Bd1 Qc8 29.Bb4 Bc6
30.Qe2 Qc7 31.Qd2 Ree6 32.Bh5 Qd7 33.Qd1 g6 34.Bf3 Re8 35.Ra2 Kh8 36.Qd2 Nf7
37.Bd1 Kg7 38.f3 h5 39.Kf2 Nd6 40.Bc2 Rfe6 41.Raa1 Qd8 42.Kg1 Qg5 43.Qf2 Nf7
44.Re2 Rxe3 45.Rae1 Rxe2 46.Rxe2 Qd8 47.Rxe8 Qxe8 48.Qd2 Bb5 49.Qf4 Bxa6
50.Qc7 h4  1/2-1/2

[Event "Rome"]
[Site "Rome"]
[Date "1979.??.??"]
[Round "5"]
[White "Pinter, Jozsef"]
[Black "Toth, Bela"]
[Result "1-0"]
[WhiteElo "2445"]
[BlackElo "2470"]

1.d4 Nf6 2.c4 e6 3.Nc3 Bb4 4.Nf3 c5 5.e3 b6 6.Bd3 Bb7 7.O-O O-O 8.Na4 cxd4
9.a3 Be7 10.exd4 Qc7 11.b4 Ng4 12.g3 f5 13.Nc3 a6 14.Re1 Bf6 15.Bf4 Qc8 16.h3 Nh6
17.Be2 Nf7 18.Na4 Qd8 19.Ne5 Nc6 20.Bf3 Rc8 21.c5 g5 22.Nxf7 Rxf7 23.Be5 Bxe5
24.dxe5 g4 25.hxg4 fxg4 26.Bg2 Qg5 27.Nxb6 Rcf8 28.Ra2 Kh8 29.Rd2 Qh5 30.Nxd7 Nd4
31.Bxb7 Nf3+ 32.Bxf3 gxf3 33.Nf6  1-0

[Event "Sao Paulo"]
[Site "Sao Paulo"]
[Date "1979.??.??"]
[Round "?"]
[White "Byrne, Robert E"]
[Black "Stean, Michael"]
[Result "1/2-1/2"]
[WhiteElo "2535"]
[BlackElo "2540"]

1.d4 Nf6 2.c4 e6 3.Nc3 Bb4 4.Nf3 c5 5.g3 Bxc3+ 6.bxc3 Qa5 7.Bd2 b6 8.Bg2 Bb7
9.O-O Qa6 10.Qb3 Nc6 11.dxc5 Na5 12.Qa3 Nxc4 13.Qxa6 Bxa6 14.cxb6 axb6 15.Ne5 Nxd2
16.Bxa8 Nxf1 17.Kxf1 Ke7 18.Bf3 Rc8 19.Rb1 Rxc3 20.Rxb6 Ra3 21.Rb2 Ra5 22.Nd3 Bxd3
23.exd3 Ne8 24.Bd1 Nd6 25.a4 Nf5 26.Ke2 Kd6 27.Kd2 Nd4 28.Kc3  1/2-1/2

[Event "HUN-ch"]
[Site "Budapest"]
[Date "1980.??.??"]
[Round "?"]
[White "Karsa, Laszlo"]
[Black "Vadasz, Laszlo"]
[Result "1-0"]
[WhiteElo "2340"]
[BlackElo "2500"]

1.d4 Nf6 2.c4 e6 3.Nc3 Bb4 4.Nf3 c5 5.g3 Ne4 6.Qd3 Qa5 7.Qxe4 Bxc3+ 8.Bd2 Bxd2+
9.Nxd2 Qb6 10.dxc5 Qxb2 11.Rb1 Qc3 12.Qd3 Qxd3 13.exd3 Nc6 14.Bg2 b6 15.cxb6 axb6
16.Bxc6 dxc6 17.Rxb6 Kd7 18.Rb2 h5 19.h4 e5 20.Ke2 Kc7 21.Ra1 Ra4 22.Ne4 Rd8
23.Rb3 f5 24.Nc3 Ra5 25.f3 Rg8 26.a4 g5 27.hxg5 Rxg5 28.Kf2 Rg8 29.Rh1 Rh8
30.Rh4 Be6 31.Rb1 Raa8 32.Re1 Kd6 33.f4 exf4 34.c5+ Ke7 35.Rxf4 Rhd8 36.Re3  1-0

[Event "Budapest"]
[Site "Budapest"]
[Date "1980.??.??"]
[Round "?"]
[White "Zsinka, Laszlo"]
[Black "Tompa, Janos"]
[Result "1/2-1/2"]
[WhiteElo "2305"]
[BlackElo "2440"]

1.d4 Nf6 2.c4 e6 3.Nc3 Bb4 4.Nf3 O-O 5.Bg5 d5 6.e3 h6 7.Bh4 b6 8.cxd5 exd5
9.Bd3 Bb7 10.O-O Nbd7  1/2-1/2

[Event "Budapest"]
[Site "Budapest"]
[Date "1980.??.??"]
[Round "?"]
[White "Zsinka, Laszlo"]
[Black "Szekely, Peter"]
[Result "1/2-1/2"]
[WhiteElo "2305"]
[BlackElo "2210"]

1.d4 Nf6 2.c4 e6 3.Nc3 Bb4 4.Nf3 b6 5.Bg5 Bb7 6.e3 h6 7.Bh4 g5 8.Bg3 Ne4
9.Qc2 Bxc3+ 10.bxc3 d6 11.Bd3 Nxg3 12.hxg3 Nd7 13.e4  1/2-1/2

[Event "Buenos Aires"]
[Site "Buenos Aires"]
[Date "1980.??.??"]
[Round "?"]
[White "Hort, Vlastimil"]
[Black "Ljubojevic, Ljubomir"]
[Result "1/2-1/2"]
[WhiteElo "2595"]
[BlackElo "2590"]

1.d4 Nf6 2.c4 e6 3.Nc3 Bb4 4.Nf3 c5 5.e3 O-O 6.Bd3 d5 7.O-O dxc4 8.Bxc4 Nbd7
9.Qe2 cxd4 10.exd4 Bxc3 11.bxc3 b6 12.Ne5 Bb7 13.Bg5 Qc7 14.Nxd7 Nxd7 15.Rac1 e5
16.Bb3 h6 17.Bh4 Rac8 18.Qd2 Rfe8  1/2-1/2

[Event "Hillerod op"]
[Site "Hillerod"]
[Date "1980.??.??"]
[Round "?"]
[White "Thuesen, Mogens"]
[Black "Skov, Palle"]
[Result "1-0"]
[WhiteElo "2200"]
[BlackElo "2200"]

1.d4 Nf6 2.c4 e6 3.Nc3 Bb4 4.Nf3 O-O 5.g3 d5 6.cxd5 exd5 7.Bg2 c6 8.O-O Nbd7
9.a3 Bd6 10.b4 Nb6 11.Bg5 h6 12.Bxf6 Qxf6 13.e3 Bg4 14.e4 Bc7 15.e5 Qf5 16.Nh4 Qg5
17.Qc1 Bd8 18.h3 Qxc1 19.Raxc1 Be6 20.Nf3 Nc4 21.a4 Be7 22.b5 Rab8 23.Nh2 Rfd8
24.f4 Ne3 25.Rfe1 Nf5 26.Ne2 Bb4 27.Red1 cxb5 28.axb5 Rbc8 29.Nf1 h5 30.g4 hxg4
31.hxg4 Ne7 32.f5 Bd7 33.Rb1 Bxb5 34.Rxb4 Bxe2 35.Ra1 Bxg4 36.Ne3 Bxf5 37.Rxb7 Bd7
38.Raxa7 Nf5 39.Nxf5 Bxf5 40.Rxf7 g6 41.Kf2 Rc3 42.Rg7+ Kh8 43.Rh7+ Kg8 44.Rhb7 Kh8
45.Bf3 Kg8 46.Rc7 Rxc7 47.Rxc7 Be6 48.Kg3 Rf8 49.Re7 Bf7 50.e6 Be8 51.Bxd5 Bb5
52.Rb7 Rd8 53.Rxb5  1-0

[Event "Malta ol (Men)"]
[Site "La Valetta"]
[Date "1980.??.??"]
[Round "?"]
[White "Plachetka, Jan"]
[Black "Rodriguez Reinoso, Victoriano"]
[Result "1-0"]
[WhiteElo "2480"]
[BlackElo "2200"]

1.d4 Nf6 2.c4 e6 3.Nc3 Bb4 4.Nf3 c5 5.e3 d5 6.Bd3 O-O 7.O-O dxc4 8.Bxc4 Qe7
9.Qe2 Bd7 10.a3 Ba5 11.Bd2 Rc8 12.Bd3 cxd4 13.exd4 h6 14.Rfe1 Qd8 15.b4 Bb6
16.Ne4 Bc6 17.Nc5 Bd5 18.Bf4 Bc7 19.Ne5 Nc6 20.Qe3 b6 21.Na6 Bd6 22.b5 Ne7
23.Nb4 Bxb4 24.axb4 Bb7 25.Bxh6 gxh6 26.Qxh6 Ned5 27.Re4 Nxe4 28.Bxe4 Nf6
29.Qg5+ Kf8 30.Bxb7 Qxd4 31.Rf1 Ng8 32.Bxa8 Rxa8 33.Qh5 Qf4 34.g3 Qf5 35.Qxf5 exf5
36.Ra1 Nf6 37.Nc6 Nd5 38.Kg2 Ke8 39.Re1+ Kd7 40.Re5 Nc3 41.Nd4 f4 42.Rf5 fxg3
43.Rxf7+ Kd6 44.hxg3 Kd5 45.Rd7+ Kc4 46.g4 Kxb4 47.f4 Nxb5 48.Nxb5 Kxb5 49.g5 a5
50.g6 a4 51.f5 a3 52.g7 a2 53.Rd1  1-0

[Event "Malta ol (Men)"]
[Site "La Valetta"]
[Date "1980.??.??"]
[Round "?"]
[White "Cherrad, Zitouni"]
[Black "Sarapu, Ortvin"]
[Result "0-1"]
[WhiteElo "2200"]
[BlackElo "2330"]

1.d4 Nf6 2.c4 e6 3.Nc3 Bb4 4.Nf3 O-O 5.Qc2 c5 6.e3 d5 7.Bd2 cxd4 8.exd4 Nc6
9.a3 Bxc3 10.bxc3 Re8 11.Ne5 Qc7 12.f4 dxc4 13.Be2 Nd5 14.O-O a6 15.a4 Na5
16.Rf3 f5 17.Rb1 Bd7 18.Rh3 b5 19.axb5 axb5 20.g4 Nb3 21.gxf5 exf5 22.Bf3 Qd6
23.Kh1 Be6 24.Rg1 Ra1 25.Rg3 Rxg1+ 26.Rxg1 Nf6 27.Be3 Bd5 28.Qg2 Bxf3 29.Nxf3 g6
30.Ne5 Qd5 31.h3 Qxg2+ 32.Kxg2 Ra8 33.Kg3 Ra2 34.Rg2 Rxg2+ 35.Kxg2 Nd5 36.Kf3 Nxc3
37.Nd7 Nd5 38.Nc5 Nxc5 39.dxc5 Nxe3 40.Kxe3 Kf7 41.Kd4 Ke6 42.h4 h5  0-1

[Event "Malta ol (Men)"]
[Site "La Valetta"]
[Date "1980.??.??"]
[Round "?"]
[White "Ipek, Ali"]
[Black "Stean, Michael"]
[Result "0-1"]
[WhiteElo "2285"]
[BlackElo "2530"]

1.d4 Nf6 2.c4 e6 3.Nc3 Bb4 4.Nf3 b6 5.Bg5 Bb7 6.e3 h6 7.Bh4 g5 8.Bg3 Ne4
9.Qc2 Bxc3+ 10.bxc3 Nxg3 11.hxg3 Nc6 12.Bd3 Qf6 13.Be4 O-O-O 14.g4 h5 15.gxh5 g4
16.Ng1 Qg5 17.Ne2 Rxh5 18.Rxh5 Qxh5 19.O-O-O Rh8 20.Bxc6 Bxc6 21.d5 Bb7 22.Qa4 Qf5
23.dxe6 dxe6 24.Qd7+ Kb8 25.Nf4 Qf6 26.Qd2 Bc6 27.Qc2 Qe5 28.Rd4 Qa5 29.Nd3 f5
30.Nb4 Bxg2  0-1

[Event "Malta ol (Men)"]
[Site "La Valetta"]
[Date "1980.??.??"]
[Round "?"]
[White "Jakobsen, Ole"]
[Black "Gonda, Gentaro"]
[Result "1-0"]
[WhiteElo "2410"]
[BlackElo "2225"]

1.d4 Nf6 2.c4 e6 3.Nc3 Bb4 4.Nf3 c5 5.g3 cxd4 6.Nxd4 Ne4 7.Qd3 Qa5 8.Nb3 Nxc3
9.Bd2 Ne4 10.Qxe4 Bxd2+ 11.Nxd2 O-O 12.Bg2 Nc6 13.Qc2 d5 14.O-O dxc4 15.Nxc4 Qc5
16.Rfd1 Nd4 17.Qe4 Qxc4 18.Rxd4 Qc7 19.Rad1 f5 20.Rc4 Qe7 21.Qe5 Rd8 22.Rxd8+ Qxd8
23.Rd4 Qe7 24.h4 h6 25.h5 Kh7 26.Rc4 Bd7 27.Bxb7 Rg8 28.Rc7 Qe8 29.Bf3 a5
30.Qd6 Bc8 31.Qc5 a4 32.Qe5 Bd7 33.b4 axb3 34.axb3 Qb8 35.Bb7 Qd8 36.b4 Bb5
37.Rc8  1-0

[Event "Makarczyk mem"]
[Site "Lodz"]
[Date "1980.??.??"]
[Round "4"]
[White "Lukacs, Peter"]
[Black "Kojder, Konrad"]
[Result "1/2-1/2"]
[WhiteElo "2405"]
[BlackElo "2430"]

1.d4 Nf6 2.c4 e6 3.Nc3 Bb4 4.Nf3 c5 5.e3 O-O 6.Bd3 d5 7.O-O dxc4 8.Bxc4 cxd4
9.exd4 b6 10.Re1 Bb7 11.Bg5 Nbd7 12.Rc1 Rc8 13.Bd3 Bxc3 14.bxc3 Qc7 15.Bh4 h6
16.c4 Rfe8 17.Bg3 Qd8 18.Ne5 Nxe5 19.Bxe5 Nd7 20.Bg3 Qf6 21.Qg4 Qg5 22.Qe2 Red8
23.h4 Qa5 24.Red1 Re8 25.Re1 Red8 26.Red1  1/2-1/2

[Event "Makarczyk mem"]
[Site "Lodz"]
[Date "1980.??.??"]
[Round "4"]
[White "Kharitonov, Andrei Y"]
[Black "Raaste, Eero J"]
[Result "1/2-1/2"]
[WhiteElo "2435"]
[BlackElo "2420"]

1.d4 Nf6 2.c4 e6 3.Nc3 Bb4 4.Nf3 c5 5.e3 Nc6 6.Bd3 Bxc3+ 7.bxc3 d6 8.e4 e5
9.d5 Ne7 10.Nd2 Ng6 11.g3 Bh3 12.f3 h5 13.Nf1 Bxf1 14.Kxf1 h4 15.Kf2 hxg3+
16.hxg3 Rxh1 17.Qxh1 Qa5 18.Qe1 O-O-O 19.Be3 Rh8 20.Kg2 Qa4 21.Qd2 Nd7 22.Qc2 Qxc2+  1/2-1/2

[Event "Makarczyk mem"]
[Site "Lodz"]
[Date "1980.??.??"]
[Round "4"]
[White "Farago, Ivan"]
[Black "Bellin, Robert"]
[Result "1-0"]
[WhiteElo "2505"]
[BlackElo "2440"]

1.d4 Nf6 2.c4 e6 3.Nc3 Bb4 4.Nf3 d5 5.e3 O-O 6.Bd3 c5 7.O-O Nc6 8.a3 cxd4
9.exd4 dxc4 10.Bxc4 Bxc3 11.bxc3 Qa5 12.Qc2 e5 13.Rb1 exd4 14.cxd4 Bf5 15.Bd3 Bxd3
16.Qxd3 Qc7 17.Bg5 Nd5 18.Rb5 Nb6 19.d5 Ne5 20.Nxe5 Qxe5 21.d6 Qe6 22.Be3 Nc4
23.Rxb7 Nxd6 24.Rxa7 Rxa7 25.Bxa7 Ra8 26.Bc5 Nc4 27.h3 h6 28.Bb4 Nb2 29.Qd4 Na4
30.Re1 Qb6 31.Qd7 Ra7 32.Re8+ Kh7 33.Qc8 Qf6 34.Rh8+ Kg6 35.Qg4+ Qg5 36.Qd4 Qc1+
37.Kh2 Qc7+ 38.Bd6 Qd7 39.g4 Nc3 40.Rd8  1-0

[Event "Makarczyk mem"]
[Site "Lodz"]
[Date "1980.??.??"]
[Round "13"]
[White "Lukacs, Peter"]
[Black "Spassov, Liuben"]
[Result "1/2-1/2"]
[WhiteElo "2405"]
[BlackElo "2450"]

1.d4 Nf6 2.c4 e6 3.Nc3 Bb4 4.Nf3 c5 5.e3 O-O 6.Bd3 d5 7.O-O dxc4 8.Bxc4 cxd4
9.exd4 b6 10.Bg5 Bb7 11.Re1 Nbd7 12.Rc1 Rc8 13.Bd3 Re8 14.Bb5 a6 15.Bxf6 gxf6
16.Bd3 f5 17.Qe2 Ra8 18.a3 Bxc3 19.bxc3 Qf6 20.a4 Qg7 21.g3 Qg4  1/2-1/2

[Event "Makarczyk mem"]
[Site "Lodz"]
[Date "1980.??.??"]
[Round "13"]
[White "Farago, Ivan"]
[Black "Luczak, Andrzej"]
[Result "1/2-1/2"]
[WhiteElo "2505"]
[BlackElo "2430"]

1.d4 Nf6 2.c4 e6 3.Nc3 Bb4 4.Nf3 c5 5.g3 cxd4 6.Nxd4 d5 7.cxd5 Nxd5 8.Bd2 O-O
9.Bg2 Nxc3 10.bxc3 Bc5 11.Nb3 Bb6 12.O-O Nc6 13.Qc1 Qc7 14.Be3 Bxe3 15.Qxe3 b6
16.c4 Bb7 17.Rfc1 Rac8 18.c5 b5 19.Nd2 Ne7 20.Ne4 Nf5 21.Qf4 Qxf4 22.gxf4 Bd5
23.Nd6 Nxd6 24.cxd6 Bxg2 25.Kxg2 f5 26.d7 Rc4 27.Rxc4 bxc4 28.Rb1 Rd8 29.Rb7 a5
30.a4 Kf7 31.Ra7 Ke7 32.Rxa5 Kd6 33.Kf3 Rxd7 34.Ke3 Kc6 35.Rb5 Ra7  1/2-1/2

[Event "Makarczyk mem"]
[Site "Lodz"]
[Date "1980.??.??"]
[Round "15"]
[White "Lukacs, Peter"]
[Black "Raaste, Eero J"]
[Result "1-0"]
[WhiteElo "2405"]
[BlackElo "2420"]

1.d4 Nf6 2.c4 e6 3.Nc3 Bb4 4.Nf3 b6 5.Bg5 Bxc3+ 6.bxc3 Bb7 7.Nd2 h6 8.Bh4 d6
9.f3 Nbd7 10.e4 Qe7 11.Qa4 e5 12.Be2 c5 13.dxc5 dxc5 14.Nf1 O-O 15.Ne3 Rfd8
16.O-O-O Nf8 17.Nf5 Qe8 18.Qa3 Rxd1+ 19.Rxd1 N6h7 20.Rd6 Ng6 21.Bg3 Nhf8
22.Bd1 Bc6 23.Bf2 Kh7 24.g3 Ne6 25.h4 f6 26.Be3 Nh8 27.Rd2 Nf7 28.Bf2 Nc7
29.Be2 Bd7 30.Ne3 Qe7 31.Bf1 Nd6 32.Qb3 Rd8 33.Qd1 Nf7 34.f4 Be6 35.Bd3 Kg8
36.Qa4 a6 37.Nd5 Bxd5 38.cxd5 Nd6 39.f5 c4 40.Bb1 b5 41.Qb4 Qd7 42.Bc5 Nce8
43.a4 bxa4 44.Ra2 Ra8 45.Qb6 Qb5 46.Rb2 Qd7 47.Bc2 Rc8 48.Bb4 Ra8 49.Ra2 Qb7
50.Qxb7 Nxb7 51.Bxa4 Ned6 52.Bc6 Ra7 53.Re2 a5 54.Ba3 Kf7 55.Rb2 Kg8 56.Rb6 Kf7
57.h5 a4 58.g4 Kg8 59.Kd1 Kf7 60.Ke2 Kg8 61.Ke3 Kf7 62.Kf3 Kg8 63.Ke3 Kf7
64.Bxb7 Nxb7 65.Rc6 Na5 66.Rc8  1-0

[Event "Phillips&Drew"]
[Site "London"]
[Date "1980.??.??"]
[Round "3"]
[White "Kortschnoj, Viktor"]
[Black "Timman, Jan H"]
[Result "1/2-1/2"]
[WhiteElo "2695"]
[BlackElo "2600"]

1.d4 Nf6 2.c4 e6 3.Nc3 Bb4 4.Nf3 b6 5.Bg5 Bb7 6.e3 h6 7.Bh4 g5 8.Bg3 Ne4
9.Qc2 Bxc3+ 10.bxc3 d6 11.Bd3 f5 12.a4 h5 13.h4 g4 14.Nd2 Nxd2 15.Kxd2 Bxg2
16.Rhg1 Bf3 17.d5 Qf6 18.a5 Ke7 19.axb6 cxb6 20.dxe6 Kxe6 21.Qb3 Ke7 22.Qb5 Nd7
23.Ra2 Rhf8 24.Rga1 a5 25.Bf4 Qxh4 26.Bxf5 Nc5 27.Bxd6+ Kxd6 28.Qxb6+ Bc6
29.Rd1 Rxf5 30.Kc1+ Ke7 31.Qxc6 Re8 32.Rxa5 Qf6 33.Ra7+ Kf8 34.Qxf6+ Rxf6
35.Rd5 Re5 36.Rd8+ Re8 37.Rd5 Nb3+ 38.Kc2 Rb8 39.Rxh5 Rxf2+ 40.Kd1 Rd8+ 41.Ke1 Rf7
42.Rxf7+  1/2-1/2

[Event "Los Polvorines op"]
[Site "Los Polvorines"]
[Date "1980.??.??"]
[Round "?"]
[White "Villegas, D."]
[Black "Taimanov, Mark E"]
[Result "0-1"]
[WhiteElo "2200"]
[BlackElo "2510"]

1.d4 Nf6 2.c4 e6 3.Nc3 Bb4 4.Nf3 b6 5.Bd2 Bb7 6.e3 O-O 7.Bd3 c5 8.O-O d6
9.a3 Bxc3 10.Bxc3 Ne4 11.Bxe4 Bxe4 12.Nd2 Bb7 13.f4 Nd7 14.Nf3 Rc8 15.Qd3 Nf6
16.dxc5 dxc5 17.Qxd8 Rfxd8 18.Bxf6 gxf6 19.Kf2 Ba6 20.Rac1 Rd3 21.Rc2 Rcd8
22.Ke2 b5 23.Nd2 bxc4 24.Nxc4 Rd2+ 25.Rxd2 Bxc4+ 26.Ke1 Rxd2 27.Kxd2 Bxf1
28.g3 Kf8  0-1

[Event "Tbilisi"]
[Site "Tbilisi"]
[Date "1980.??.??"]
[Round "?"]
[White "Ubilava, Elizbar"]
[Black "Sturua, Zurab"]
[Result "1-0"]
[WhiteElo "2430"]
[BlackElo "2410"]

1.d4 Nf6 2.c4 e6 3.Nc3 Bb4 4.Nf3 c5 5.g3 cxd4 6.Nxd4 Ne4 7.Qd3 Qa5 8.Nb3 Nxc3
9.Bd2 Ne4 10.Qxe4 Bxd2+ 11.Nxd2 O-O 12.Bg2 Nc6 13.Qe3 d5 14.O-O d4 15.Qd3 Rd8
16.a3 Qh5 17.f4 a5 18.b3 e5 19.f5 Ne7 20.f6 Nf5 21.Bxb7 Bxb7 22.Qxf5 Qxf5
23.Rxf5 e4 24.Rd1 gxf6 25.Rxf6 Rab8 26.b4 axb4 27.axb4 e3 28.Nb3 Be4 29.Nc5 Bg6
30.b5 Rbc8 31.Nb7 Rd7 32.Nd6 Rcd8 33.c5 d3 34.exd3 e2 35.Re1 Bxd3 36.b6 Kg7
37.Rf3 Bc2 38.b7 Bd1 39.c6 Rc7 40.Rc3 Ba4 41.Nc8 Rdxc8 42.bxc8=Q Rxc8 43.c7 Bd1
44.Kf2 Kf6 45.Rxe2 Bxe2 46.Kxe2 Ke6 47.Kf3 Kd6 48.Kg4 Rxc7 49.Rxc7 Kxc7 50.Kg5 Kd7
51.Kh6  1-0

[Event "Wroclaw-A"]
[Site "Wroclaw"]
[Date "1980.??.??"]
[Round "2"]
[White "Lukacs, Peter"]
[Black "Bednarski, Jacek B"]
[Result "1-0"]
[WhiteElo "2405"]
[BlackElo "2385"]

1.d4 e6 2.c4 Nf6 3.Nc3 Bb4 4.Nf3 b6 5.Bg5 Bb7 6.e3 h6 7.Bh4 Bxc3+ 8.bxc3 d6
9.Nd2 e5 10.f3 O-O 11.e4 Re8 12.Be2 Nbd7 13.Nf1 Nf8 14.Ne3 Ng6 15.Bf2 Bxe4
16.d5 Nf4 17.fxe4 Nxe4 18.Qc2 Nxf2 19.Kxf2 e4 20.Raf1 Qg5 21.h4 Qf6 22.Ke1 Qe5
23.Kd2 f5 24.g3 Nxe2 25.Rxf5 Qxg3 26.Kxe2 Rf8 27.Qxe4 Rxf5 28.Qxf5 Re8 29.Qf3 Qg6
30.Kd2 Rf8 31.Qe2 Rf4 32.h5 Qg5 33.Rh3 Re4 34.Qf1 Re5 35.Rf3 Qxh5 36.Rf8+ Kh7
37.Qb1+ g6 38.Qf1 Re7 39.Qf6 Qh2+ 40.Kd3 Rg7  1-0

[Event "Wroclaw-A"]
[Site "Wroclaw"]
[Date "1980.??.??"]
[Round "12"]
[White "Lukacs, Peter"]
[Black "Pinkas, Karol"]
[Result "1-0"]
[WhiteElo "2405"]
[BlackElo "2360"]

1.d4 Nf6 2.c4 e6 3.Nc3 Bb4 4.Nf3 c5 5.e3 d5 6.Bd3 O-O 7.O-O Nc6 8.a3 Bxc3
9.bxc3 dxc4 10.Bxc4 Qc7 11.Bd3 e5 12.Qc2 Re8 13.Nxe5 Nxe5 14.dxe5 Qxe5 15.f3 Bd7
16.Rb1 Bc6 17.Kh1 Rad8 18.e4 Rd7 19.Bc4 a6 20.a4 Qh5 21.Rb2 Qg6 22.a5 Rde7
23.Qf2 Qh5 24.Bf4 Rd7 25.Qg3 Red8 26.Bc7 Re8 27.Bf4 Red8 28.Bg5 Qg6 29.e5 Nh5
30.Qg4 Re8 31.Re2 Kh8 32.Rfe1 f5 33.Qh4 h6 34.Bc1 Kh7 35.Ba3 Bd5 36.Rd2 Bxf3
37.gxf3 Rxd2 38.Rg1 Qc6 39.Qxh5 Rxe5 40.Rxg7+ Kxg7 41.Qf7+  1-0

[Event "Ckhaltubo"]
[Site "Ckhaltubo"]
[Date "1981.??.??"]
[Round "?"]
[White "Ubilava, Elizbar"]
[Black "Sturua, Zurab"]
[Result "1/2-1/2"]
[WhiteElo "2455"]
[BlackElo "2450"]

1.d4 Nf6 2.c4 e6 3.Nc3 Bb4 4.Nf3 c5 5.g3 b5 6.cxb5 a6 7.bxa6 Bxa6 8.Bg2 d5
9.O-O O-O 10.dxc5 Bxc3 11.bxc3 Qa5 12.Re1 Rc8 13.Be3 Nbd7 14.Nd2 Qxc3 15.Rc1 Qa3
16.Qb3 Qa5 17.c6 Ne5 18.Rc5 Qc7 19.Bd4 Nxc6 20.Bxf6 gxf6 21.Rec1  1/2-1/2

[Event "Buna-Turnier"]
[Site "Halle"]
[Date "1981.??.??"]
[Round "5"]
[White "Lechtynsky, Jiri"]
[Black "Malich, Burkhard"]
[Result "1/2-1/2"]
[WhiteElo "2455"]
[BlackElo "2450"]

1.Nf3 Nf6 2.c4 e6 3.d4 Bb4+ 4.Nc3 c5 5.g3 cxd4 6.Nxd4 O-O 7.Bg2 d5 8.cxd5 Nxd5
9.Bd2 Bxc3 10.bxc3 e5 11.Nb3 Nc6 12.O-O Nde7 13.Bc1 Qc7 14.Ba3 Rd8 15.Qc2 Bf5
16.Qb2 Nc8 17.c4 Nb6 18.Rac1 Na4 19.Qa1 Nd4 20.Nxd4 Rxd4 21.Bd5  1/2-1/2

[Event "Ljubljana"]
[Site "Ljubljana"]
[Date "1981.??.??"]
[Round "6"]
[White "Djuric, Stefan"]
[Black "Barle, Janez"]
[Result "1/2-1/2"]
[WhiteElo "2460"]
[BlackElo "2410"]

1.c4 Nf6 2.Nc3 e6 3.d4 Bb4 4.Nf3 c5 5.e3 O-O 6.Be2 d5 7.a3 Bxc3+ 8.bxc3 b6
9.O-O Ba6 10.cxd5 exd5 11.dxc5 bxc5 12.Bxa6 Nxa6 13.c4 dxc4 14.Qa4 Qb6 15.Qxc4 Rfe8
16.Bd2 Ne4 17.Rab1 Qe6 18.Qxe6 Rxe6 19.Ba5 Nb8 20.Rfd1 Nc6 21.Be1 Rd6 22.Rxd6 Nxd6
23.Kf1 Kf8 24.Rc1 c4 25.Ng5 Ke7 26.Ne4 Nxe4 27.Rxc4 Nxf2 28.Rxc6 Ng4 29.Rc7+ Ke6
30.Ke2 Nxh2 31.Bh4 g5 32.Bxg5 Rg8 33.Bf4 Rxg2+ 34.Kd3 Nf3 35.Rxa7 h5 36.e4 Ne5+
37.Ke3 f6 38.Ra6+ Ke7 39.Ra7+ Ke6 40.Ra6+ Ke7 41.Kd4 h4 42.Bxe5 fxe5+ 43.Kd5 h3
44.Rh6 h2 45.Kxe5 Rg5+ 46.Kf4 Ra5 47.Rxh2 Rxa3 48.Kf5 Ra5+ 49.e5 Ra6 50.Rh7+ Ke8  1/2-1/2

[Event "POL-chT"]
[Site "Lubniewice"]
[Date "1981.??.??"]
[Round "6"]
[White "Szymczak, Zbigniew"]
[Black "Schinzel, Wladyslaw"]
[Result "1-0"]
[WhiteElo "2395"]
[BlackElo "2375"]

1.d4 Nf6 2.c4 e6 3.Nf3 Bb4+ 4.Nc3 d5 5.e3 O-O 6.Be2 dxc4 7.Bxc4 Nc6 8.O-O a6
9.Qe2 h6 10.Ne5 Nxe5 11.dxe5 Nd7 12.f4 Nc5 13.a4 Bxc3 14.bxc3 b6 15.Ba3 Qe7
16.e4 Re8 17.Rae1 Bd7 18.f5 exf5 19.exf5 Bxa4 20.f6 Qd7 21.Bxc5 bxc5 22.Qh5  1-0

[Event "Ed.Lasker mem"]
[Site "New York"]
[Date "1981.??.??"]
[Round "5"]
[White "Kuligowski, Adam"]
[Black "Gruenfeld, Yehuda"]
[Result "0-1"]
[WhiteElo "2450"]
[BlackElo "2500"]

1.d4 Nf6 2.c4 e6 3.Nc3 Bb4 4.Nf3 c5 5.g3 O-O 6.Bg2 d5 7.cxd5 Nxd5 8.Bd2 cxd4
9.Nxd5 Bxd2+ 10.Qxd2 Qxd5 11.Qxd4 Qa5+ 12.Qd2 Qb6 13.O-O Nc6 14.Ng5 h6 15.Ne4 Rd8
16.Qc3 Nd4 17.Rfe1 Bd7 18.e3 Nb5 19.Qb4 Bc6 20.Red1 Nc7 21.Qxb6 axb6 22.Nd6 Kf8
23.a3 Ke7 24.Bxc6 bxc6 25.Nc4 Nd5 26.Rac1 c5 27.e4 Nf6 28.Nxb6 Rxd1+ 29.Rxd1 Rb8
30.Nc4 Nxe4 31.f3 Nf6 32.Rd2 Nd5 33.Kf2 f6 34.Rc2 g5 35.Nd2 h5 36.b3 Ra8
37.a4 Nb4 38.Rc3 f5 39.Ke2 Rc8 40.Nc4 Nc6 41.Nd2 g4 42.f4 Kf6 43.Rd3 Ke7
44.Rc3 h4 45.gxh4 Nb4 46.Rc4 Rh8 47.Rxc5 Rxh4 48.Nf1 Rh3 49.Rb5 Nd5 50.Rb7+ Kd6
51.Ke1 Nxf4 52.a5 Nd3+ 53.Kd2 Nc5 54.Rb6+ Ke5 55.b4 Ne4+ 56.Kc2 Nd6 57.Rc6 f4
58.a6 Rh8 59.Rc5+ Kd4 60.Kb3 e5 61.Rc6 Kd5 62.Rc5+ Kd4 63.Rc6 Rd8 64.Rc1 e4
65.Rd1+ Ke5 66.b5 e3 67.Kb4 Ra8 68.Re1 Ke4 69.Kc5 Nxb5 70.Kxb5 Kd3 71.Rd1+ Ke2
72.Nxe3 fxe3 73.Rd7 Re8 74.a7 Kf2 75.Re7 Rxe7 76.a8=Q Re5+ 77.Kc4 e2 78.Qa7+ Re3  0-1

[Event "Viking"]
[Site "Oslo"]
[Date "1981.??.??"]
[Round "5"]
[White "Jakobsen, Ole"]
[Black "Cox, John J"]
[Result "1/2-1/2"]
[WhiteElo "2415"]
[BlackElo "2280"]

1.d4 Nf6 2.c4 e6 3.Nc3 Bb4 4.Nf3 c5 5.g3 cxd4 6.Nxd4 O-O 7.Bg2 d5 8.cxd5 Nxd5
9.Bd2 Bxc3 10.bxc3 e5 11.Nb3 Nc6 12.O-O Nb6 13.Qc2 Nc4 14.Rfd1 Qe7 15.Bd5 Be6
16.e4 Rfd8 17.Be1 Rac8 18.Qe2 Nb6 19.c4 Nd4 20.Nxd4 exd4 21.Rxd4 Bxd5 22.cxd5 Rxd5
23.Rxd5 Nxd5 24.Rd1 Nf6 25.f3 h6 26.Kf2 a6 27.a4 Nd7 28.a5 Ne5 29.f4 Nc6  1/2-1/2

[Event "US op"]
[Site "Palo Alto"]
[Date "1981.??.??"]
[Round "11"]
[White "Tarjan, James Edward"]
[Black "Radke, Harry"]
[Result "1-0"]
[WhiteElo "2623"]
[BlackElo "2261"]

1.d4 Nf6 2.c4 e6 3.Nc3 Bb4 4.Nf3 d5 5.Bg5 h6 6.Bxf6 Qxf6 7.e3 O-O 8.a3 Bxc3+
9.bxc3 c5 10.cxd5 exd5 11.Bd3 Nc6 12.h3 c4 13.Bc2 Bf5 14.Bxf5 Qxf5 15.Qb1 Qd7
16.Qb5 b6 17.O-O a6 18.Qb1 b5 19.e4 Rab8 20.Re1 a5 21.exd5 Qxd5 22.Ne5 b4
23.axb4 axb4 24.Nxc6 Qxc6 25.cxb4 Qd6 26.b5 Qxd4 27.Qb4 Qb6 28.Re5 Rfc8 29.Rc1 Qf6
30.Re3 Qf5 31.b6 Qc5 32.Re8+  1-0

[Event "Porz"]
[Site "Porz"]
[Date "1981.??.??"]
[Round "?"]
[White "Hort, Vlastimil"]
[Black "Knezevic, Milorad"]
[Result "1-0"]
[WhiteElo "2595"]
[BlackElo "2460"]

1.d4 Nf6 2.c4 e6 3.Nc3 Bb4 4.Nf3 O-O 5.Bg5 d5 6.e3 h6 7.Bh4 Nbd7 8.Rc1 c5
9.cxd5 exd5 10.dxc5 Nxc5 11.Be2 Nce4 12.O-O Nxc3 13.bxc3 Be7 14.Qb3 Qb6 15.Rfd1 Qxb3
16.axb3 Be6 17.Nd4 Rac8 18.f3 Rfd8 19.Kf1 a6 20.Ke1 Rd7 21.Bg3 Rdd8 22.Bd3 Bd7
23.Kd2 g6 24.Bf4 Kg7 25.g4 Be8 26.Be5 Bd6 27.Bxd6 Rxd6 28.h4 Bd7 29.g5 hxg5
30.hxg5 Ng8 31.Ra1 Ne7 32.Rh1 Nc6 33.Rh4 Rh8 34.Rxh8 Kxh8 35.b4 Nxd4 36.cxd4 Rb6
37.Ra5 Rxb4 38.Rxd5 Ba4 39.Rd8+ Kg7 40.d5 f5 41.e4 fxe4  1-0

[Event "Nordic-ch"]
[Site "Reykjavik"]
[Date "1981.??.??"]
[Round "?"]
[White "Hoi, Carsten"]
[Black "Raaste, Eero J"]
[Result "1/2-1/2"]
[WhiteElo "2415"]
[BlackElo "2390"]

1.Nf3 Nf6 2.d4 e6 3.c4 Bb4+ 4.Nc3 c5 5.e3 O-O 6.Bd3 Nc6 7.O-O Bxc3 8.bxc3 d6
9.e4 e5 10.d5 Ne7 11.Nh4 h6 12.g3 Re8 13.Re1 Ng6 14.Ng2 Bd7 15.Bd2 Qa5 16.a4 Rab8
17.Qc2 Qc7 18.f4 Bh3 19.f5 Bxg2 20.Kxg2 Nf8 21.Qd1 Rec8 22.Qe2 a6 23.Reb1 N8d7
24.Bc2 b6 25.g4 Qd8 26.h4 Nh7 27.Rh1 f6 28.Rab1 Rc7 29.Rb2 Rcb7 30.Rhb1 Kf8
31.Be3 Kg8 32.Bd3 Kf8 33.Kf2 Qe7 34.Qc2 a5 35.Rh1 Ke8 36.Ke1 Kd8 37.Qb3 Rc7
38.Rg2 Kc8 39.Rhg1 Kb7 40.Qd1 Rg8 41.Kd2 Rcc8 42.Rg3  1/2-1/2

[Event "Sarajevo"]
[Site "Sarajevo"]
[Date "1981.??.??"]
[Round "13"]
[White "Lukacs, Peter"]
[Black "Dizdarevic, Emir"]
[Result "1-0"]
[WhiteElo "2465"]
[BlackElo "2340"]

1.d4 Nf6 2.c4 e6 3.Nf3 Bb4+ 4.Nc3 Bxc3+ 5.bxc3 b6 6.Bg5 h6 7.Bh4 g5 8.Bg3 Ne4
9.Nd2 Nxg3 10.hxg3 Bb7 11.e4 d6 12.Bd3 Nd7 13.Qe2 Qf6 14.a4 a5 15.O-O e5
16.Nb3 c5 17.Qe3 Qg7 18.f4 O-O-O 19.fxe5 Rhe8 20.exd6  1-0

[Event "Svendborg"]
[Site "Svendborg"]
[Date "1981.??.??"]
[Round "6"]
[White "Iskov, Gert"]
[Black "Sloth, Jorn"]
[Result "0-1"]
[WhiteElo "2420"]
[BlackElo "2380"]

1.d4 Nf6 2.c4 e6 3.Nc3 Bb4 4.Nf3 b6 5.Bf4 Bxc3+ 6.bxc3 Nc6 7.Nd2 Nh5 8.Be3 f5
9.f3 O-O 10.Bf2 Ba6 11.e3 Na5 12.Be2 Rc8 13.O-O f4 14.e4 Qg5 15.e5 Ng3 16.hxg3 fxg3
17.Bxg3 Qxg3 18.Bd3 c5 19.Qe2 Qf4 20.dxc5 Rxc5 21.Rae1 Bxc4 22.Nxc4 Nxc4
23.Bxc4 Qxc4 24.Qxc4 Rxc4 25.Rd1 Rd8 26.Rd3 Kf7 27.Rfd1 Ke7 28.Kf2 Rc6 29.Ke3 d5
30.exd6+ Rcxd6 31.Rxd6 Rxd6 32.Rh1 h6 33.Rh4 Rc6 34.Kd3 e5 35.Ra4 Rc7 36.Rb4 Ke6
37.Re4 Kd5 38.Rg4 g5 39.Rg3 Rc5 40.Rh3 Rc6 41.Rh1 Rd6 42.c4+ Kc5+ 43.Kc3 Re6
44.Re1 h5 45.Re4 Kd6 46.Kb4 Re7 47.Re1 e4 48.fxe4 Ke5 49.g3 Rf7 50.Rh1 Rh7
51.Re1 h4 52.gxh4 gxh4 53.a4 h3 54.a5 h2 55.Rh1 Kxe4 56.axb6 axb6  0-1